Jojo's Bizarre Adventure- Les noms de tous les Jojo - Statistiques

Statistiques générales
  • Ce quiz a été pris 779 fois
  • Le résultat moyen est 8 sur 9
Statistiques - réponses
Partie Réponse % Correct
1-Phantom Blood Jonathan Joestar
99%
3-Stardust Crusaders Jotaro Kujo
99%
2-Battle Tendency Joseph Joestar
98%
4-Diamond is Unbreakable Josuke Higashikata
97%
8-Jojolion Josuke Higashikata
96%
5-Golden Wind Giorno Giovanna
95%
6-Stone Ocean Jolyne Kujo
94%
7-Steel Ball Run Johnny Joestar
81%
9-The JojoLands Jodio Joestar
58%
Aucun quiz correspondant
Distribution des résultats
% des personnes avec chaque résultat
Percentile par nombre de réponses
Votre historique - résultats
Vous n’avez pas pris ce quiz